000 00540nam a2200193Ia 4500
005 20250508163725.0
008 008 250505s9999 xx 000 0 eng d
020 _a81-7036-695-X
037 _aTextual
040 _aFEDL
_beng
_cFEDL
041 _aeng
_2eng
084 _a306.44954, KRI
_qFEDL
100 _aKrishnamurti Bh.
245 0 _aLanguage, education and society
260 _aNew Delhi, India
_bSage Publications
_c1998
300 _a327p.
942 _cTEXL
_h306.44954, KRI
999 _c1384902
_d1384902